000 00519cam a2200193ua 4500
001 11315
008 190912n ii |||gr||||Z||||||eng
020 _a9789385839016
040 _cMAIN
082 _a398.0954162
100 _aAmrendra Kumar Thakur,
_eAuthor.
245 _aTechnology of the Tribes of Northeast India
_cBy Amrendra Kumar Thakur
250 _a1st ed.
260 _aGuwahati:
_bDVS Publishers,
_c2017.
300 _a308p.
653 _aFolklore
653 _aTribes of Northeast India
942 _cBK
999 _c10166
_d10166